00293nam a2200133Ia 4500008004100000020001800041082001600059100001300075245001800088250000800106260002900114300000800143650000800151191201s2009 xx 000 0 und d a9781403909886 a658.31bRAF aRAO, T V 0aFuture of HRD aRep aN.DelhibMacmillanc2009 a218 aMBA